| 000 | 00684nas a2200241 4500 | ||
|---|---|---|---|
| 001 | BR7902422 | ||
| 003 | BR-BrBNA | ||
| 005 | 20231205083710.0 | ||
| 007 | ta | ||
| 008 | 230509b bl.|||p| |||| 00| 00por d | ||
| 040 |
_aBR-BrBNA _bpor _cBiblioteca Nacional de Agricultura |
||
| 041 | _a(Pt) | ||
| 072 | _aF28 | ||
| 100 | 1 | _aZenker, R. | |
| 245 | 1 | _aPorque terraco de base larga [conservacao do solo] | |
| 650 | _aRECUPERACAO DO SOLO | ||
| 650 | _aCONSERVACAO DO SOLO | ||
| 650 | _aTERRACO | ||
| 650 | _aSOLO | ||
| 773 | 0 |
_tTrigo e Soja (Brazil) _xISSN 0100-5456 _g(Nov 1978), (no. 37) p. 11-15 _wBR7902422 |
|
| 909 |
_a202311 _bLúcia _c55 _dLúcia Elande |
||
| 942 |
_2AGRIS _n0 _cANA |
||
| 999 |
_c100644 _d100644 |
||